000 01212nam a2200277 a 4500
001 000015908
005 20230331073627.0
008 100222s1981 dr 000 0 spa d
040 _aDO-SdBNP
_bspa
_cBNPHU
082 _a344.729301
_bH557c,1981
100 _aHernández Rueda, Lupo,
_d1930-2017
_923790
245 1 3 _aLa codificación del derecho del trabajo en Santo Domingo ;
_bDel procedimiento en materia de trabajo /
_cLupo Henández Rueda.
246 1 3 _aDel procedimiento en materia de trabajo
260 _aSanto Domingo :
_bInstituto Nacional de Estudios Laborales,
_c1981.
300 _a87 p. ;
_c22 cm.
500 _aIncluye datos biográficos del autor en la contracubierta.
501 _aPublicado con: Del procedimiento en materia de trabajo.
504 _aIncluye bibliografía y notas al pie de páginas.
563 _aDos obras encuadernadas juntas con paginación continua.
590 _aInventariado,2018/VM
650 4 _aDerecho laboral
_zRepública Dominicana
_97337
650 4 _aDerecho de los trabajadores
_zRepública Dominicana
_916516
650 4 _aLegislacion laboral
_916517
740 0 _aDel procedimiento en materia de trabajo
910 _aValidado. Control de calidad EMS.
999 _c15450
_d15450